| 000 | 00588nam a2200181Ia 4500 | ||
|---|---|---|---|
| 999 |
_c37287 _d37287 |
||
| 003 | OSt | ||
| 005 | 20201014094434.0 | ||
| 008 | 190216s9999||||xx |||||||||||||| ||und|| | ||
| 020 | _a9788173915673 | ||
| 040 | _coclc | ||
| 082 |
_a338.9541 _bMIT/E |
||
| 100 |
_aMitra, Amitava _95676 |
||
| 245 | 0 |
_aEnvironment And Nature-Based Tourism An Endeavour At Sustainability / _cAmitava Mitra ; Kunal Chattopadhyay |
|
| 260 |
_bKanishka Pubs, _c2011. _aNew Delhi: |
||
| 300 | _a102p | ||
| 650 | _aTravel&Amp;Tourism | ||
| 942 |
_cBK _2ddc _h338.9541 _iMIT/E _k338.9541 _mMIT/E |
||